| 000 | 00765cab a2200241 4500 | ||
|---|---|---|---|
| 001 | ABS52436 | ||
| 008 | 090401t1995 xxu||||| |||| 00| 0 eng d | ||
| 035 | _a(Sirsi) u77957 | ||
| 041 | _aeng | ||
| 100 | _aBruce, C. | ||
| 245 | _aBack in the limelight | ||
| 260 | _c1995 | ||
| 350 | _a0 | ||
| 490 |
_aJournal of the Scottish Landowners Federation _v(236) Spring 1995, 19(1) |
||
| 520 | _aApplauds the return of lime as a material for the repair of traditional masonry buildings and upholds its appropriateness for conservation work. | ||
| 650 | _aHARLING | ||
| 650 | _aRENDERING | ||
| 650 | _aSCOTTISH LIME CENTRE TRUST | ||
| 690 | _aBUILDING AND CONSTRUCTION-REPAIRS AND MAINTENANCE | ||
| 690 | _aCONSERVATION | ||
| 942 | _n0 | ||
| 948 | _c04/03/1997 | ||
| 999 |
_c49028 _d49028 |
||